00964nam a22002537a 450000500170000001000130001702000220003003500130005203700160006504000120008108200160009310000220010924501270013126000460025827000450030430000250034950000500037465000540042465000400047870000250051894200250054399900190056895201230058720170124110010.0 aA-937183 c00.00a8171009778 aA-937183 bCen Lib/Ret aDPLbEN a379.23bMEH aMehta, P.L.93562 aFree and compulsory education :cby P.L.Mehta [and] Rakhi Poongabgenesis and execution of the constitutional philosophy / aNew DelhibDeep & Deep Publicationsc1997 bNew DelhiaF-159, Rajouri Gardene110027 axx,180p. :c20cm(Hb) aIncludes bibliographical references and index aEducation, Compulsory -- India -- History.917518 aEducation and state -- India.99573 aPoonga, Rakhi917519 2ddccENh379.23mMEH c126439d126439 00104070aLbLd2015-06-25eCen Lib/Retg0.00l0o379.23 MEHpA-937183r2015-06-25 00:00:00t1v0.00w2015-06-25yEN